Statistics for Elements by Letter - M

Click here to take the quiz!

General Stats

  • This quiz has been taken 84 times
  • The average score is 5 of 7

Answer Stats

Elements% Correct
Magnesium
98%
Manganese
98%
Mercury
85%
Mendelevium
71%
Molybdenum
63%
Moscovium
59%
Meitnerium
51%

Score Distribution

Percentile by Number Answered

Percent of People with Each Score

Your Score History

You have not taken this quiz